| 000 | 00534nam a2200205 a 4500 | ||
|---|---|---|---|
| 999 |
_c8107 _d8107 |
||
| 001 | 8107 | ||
| 003 | BD-JhCC | ||
| 005 | 20180218184911.0 | ||
| 008 | 180218s1966 uk |||| |||| 000 0 eng d | ||
| 035 | _a(BD-JhCC) | ||
| 040 |
_aBD-JhCC _dBD-JhCC |
||
| 041 | _aeng | ||
| 082 |
_a510.7 _bHOR 1966 |
||
| 100 | _aHorner, H. A. | ||
| 245 |
_aOrdinary National Certificate Mathematics / _cH. A. Horner |
||
| 260 |
_aLondon: _bHeinemann Educational Books Ltd; _c1966 |
||
| 300 |
_a289 p;, _c22 cm |
||
| 650 | _aMathematics | ||
| 942 |
_2ddc _cBK |
||